书目信息 |
| 题名: |
线性代数与概率论学习指导 .下册
|
|
| 作者: | 周誓达 编著 | |
| 分册: | ||
| 出版信息: | 北京 中国人民大学出版社 2005 |
|
| 页数: | 167页 | |
| 开本: | 23cm | |
| 丛书名: | ||
| 单 册: | ||
| 中图分类: | O21 , O151 , O151.2 | |
| 科图分类: | ||
| 主题词: | 线性代数--高等学校--技术学校--教学参考资料 , 概率论--高等学校--技术学校--教学参考资料 | |
| 电子资源: | ||
| ISBN: | 7-300-06636-4 | |
| 000 | 01042nam0 2200289 450 | |
| 000 | 01020nam0 2200277 450 | |
| 000 | 00953nam0 2200253 450 | |
| 000 | 00917oam2 2200241 45 | |
| 005 | 20070722183047.95 | |
| 010 | @a7-300-06636-4@dCNY12.00 | |
| 100 | @a20070626d2005 em y0chiy0120 ea | |
| 101 | 0 | @achi |
| 102 | @aCN@b110000 | |
| 105 | @ay z 000yy | |
| 200 | 1 | @a线性代数与概率论学习指导 .下册@AXian Xing Dai Shu Yu Gai Lu^ Lun Xue Xi Zhi Dao@f周誓达编著@FZhou Shi Da Bian Zhu |
| 210 | @a北京@c中国人民大学出版社@d2005 | |
| 215 | @a167页@d23cm | |
| 300 | @a高职高专高等数学基础特色教材系列高等数学基础(下)(经济类与管理类) | |
| 330 | @a本书是高等数学基础(下)《线性代数与概率论》的辅导书,包括两部分内容:各章学习要点与全部习题详细解答。 | |
| 606 | 0 | @a线性代数@x高等学校@x技术学校@j教学参考资料 |
| 606 | 0 | @a概率论@x高等学校@x技术学校@j教学参考资料 |
| 690 | @aO21@v4 | |
| 690 | @aO151@v4 | |
| 690 | @aO151.2@v3 | |
| 701 | 0 | @a周誓达@AZhou Shi Da@4编著 |
| 801 | 0 | @aCN@bTAOJIN@c20070722 |
| 905 | @a10447@dO151.2@e284:2 | |
| 线性代数与概率论学习指导 .下册/周誓达编著.-北京:中国人民大学出版社,2005 |
| 167页;23cm |
| 高职高专高等数学基础特色教材系列高等数学基础(下)(经济类与管理类) |
| ISBN 7-300-06636-4:CNY12.00 |
| 本书是高等数学基础(下)《线性代数与概率论》的辅导书,包括两部分内容:各章学习要点与全部习题详细解答。 |
| ● |
| 相关链接 |
|
|
|
|
正题名:线性代数与概率论学习指导 .下册
索取号:O151.2/284:2
 
预约/预借
| 序号 | 登录号 | 条形码 | 馆藏地/架位号 | 状态 | 备注 |
| 1 | 0823358 | 208233589 | 第二样本阅览室/ [索取号:O151.2/284:2] | 在馆 | |
| 2 | 0823359 | 208233598 | 第三借阅区/ [索取号:O151.2/284:2] | 在馆 | |
| 3 | 0823360 | 208233605 | 第三借阅区/ [索取号:O151.2/284:2] | 在馆 | |
| 4 | 0823361 | 208233614 | 第三借阅区/ [索取号:O151.2/284:2] | 在馆 | |
| 5 | 0823362 | 208233623 | 第三借阅区/ [索取号:O151.2/284:2] | 在馆 | |
| 6 | 0823363 | 208233632 | 第三借阅区/ [索取号:O151.2/284:2] | 在馆 | |
| 7 | 0823364 | 208233641 | 第三借阅区/ [索取号:O151.2/284:2] | 在馆 | |
| 8 | 0823365 | 208233650 | 第三借阅区/ [索取号:O151.2/284:2] | 在馆 |